| 000 | 00000nas##2200000za#4500 |
| 001 | 9.505708 |
| 003 | CaOODSP |
| 005 | 20200325124912 |
| 007 | cr ||||||||||| |
| 008 | 150406c2001||||xxc|| p o||||f| |0eng|d |
| 022 | |a1497-5009 |
| 040 | |aCaOODSP|beng |
| 043 | |an-cn--- |
| 086 | 1 |aA27-22E-PDF |
| 110 | 1 |aCanada. |bAgriculture and Agri-Food Canada. |
| 245 | 10|aCanada : |h[electronic resource]|bgrains and oilseeds outlook |
| 246 | 3 |aCanadian grains and oilseeds outlook |
| 260 | |aWinnipeg - Manitoba : |bAgriculture and Agri-Food Canada |c[1997]-2001. |
| 310 | |aMonthly |
| 362 | 1 |aMay 1997-April 30, 2001 |
| 690 | 07|aGrains|2gcpds |
| 690 | 07|aMarket analysis|2gcpds |
| 690 | 07|aEdible oils and fats|2gcpds |
| 775 | 08|tCanada : |w(CaOODSP)9.502112 |
| 776 | 0#|tCanada: grains and oilseeds outlook / |w(CaOODSP)9.514166 |